| 000 -LEADER |
| fixed length control field |
00544pab a2200181 454500 |
| 008 - FIXED-LENGTH DATA ELEMENTS--GENERAL INFORMATION |
| fixed length control field |
180718b xxu||||| |||| 00| 0 eng d |
| 100 ## - MAIN ENTRY--PERSONAL NAME |
| Personal name |
Chu, Sydney C.K. |
| 245 ## - TITLE STATEMENT |
| Title |
Centralized versus decentralized manpower resource planning: the case of Hong Kong company |
| 650 ## - SUBJECT ADDED ENTRY--TOPICAL TERM |
| Topical term or geographic name entry element |
Hong Kong |
| 650 ## - SUBJECT ADDED ENTRY--TOPICAL TERM |
| Topical term or geographic name entry element |
Manpower |
| 650 ## - SUBJECT ADDED ENTRY--TOPICAL TERM |
| Topical term or geographic name entry element |
Decentralisation |
| 650 ## - SUBJECT ADDED ENTRY--TOPICAL TERM |
| Topical term or geographic name entry element |
Centralisation |
| 650 ## - SUBJECT ADDED ENTRY--TOPICAL TERM |
| Topical term or geographic name entry element |
Manpower Policy - Hong Kong |
| 700 ## - ADDED ENTRY--PERSONAL NAME |
| Personal name |
Ng, Kevin Y.K |
| 700 ## - ADDED ENTRY--PERSONAL NAME |
| Personal name |
Lin, Carrie K.Y. |
| 773 ## - HOST ITEM ENTRY |
| Main entry heading |
Journal of Operational Research Society |
| 909 ## - |
| -- |
1667 |